Active Leaders in Home Runs - Statistics

General Stats
  • This quiz has been taken 30 times
  • The average score is 43 of 130
Answer Stats
Home Runs Hit Player % Correct
656 Albert Pujols
96%
180 Asdrubal Cabrera
89%
144 Melky Cabrera
89%
477 Miguel Cabrera
89%
285 Mike Trout
86%
110 Aaron Judge
82%
308 Giancarlo Stanton
82%
219 Bryce Harper
79%
139 Mookie Betts
71%
401 Nelson Cruz
71%
218 Anthony Rizzo
68%
295 Chris Davis
68%
227 Freddie Freeman
68%
271 Hanley Ramirez
68%
128 Jose Altuve
68%
110 Jose Ramirez
68%
216 Khris Davis
68%
227 Nolan Arenado
68%
243 Paul Goldschmidt
68%
191 Russell Martin
68%
130 Francisco Lindor
64%
231 J.D. Martinez
64%
138 Kris Bryant
64%
233 Andrew McCutchen
61%
179 Jose Abreu
61%
207 Manny Machado
61%
156 Yadier Molina
57%
139 Christian Yelich
54%
111 Cody Bellinger
54%
284 Joey Votto
54%
120 Justin Turner
54%
324 Robinson Cano
54%
99 Alex Bregman
50%
140 Buster Posey
50%
172 Charlie Blackmon
50%
414 Edwin Encarnacion
50%
160 George Springer
50%
129 Brandon Belt
46%
102 Carlos Correa
46%
232 Carlos Santana
46%
297 Evan Longoria
46%
110 Javier Baez
46%
219 Josh Donaldson
46%
123 Trevor Story
46%
100 Yonder Alonso
46%
198 Kyle Seager
43%
270 Ryan Zimmerman
43%
136 Anthony Rendon
39%
98 Brandon Crawford
39%
141 Salvador Perez
39%
110 Joey Gallo
36%
344 Ryan Braun
36%
282 Adam Jones
32%
234 Carlos Gonzalez
32%
298 Justin Upton
32%
148 Matt Carpenter
32%
107 Xander Bogaerts
32%
167 Eric Hosmer
29%
105 Gary Sanchez
29%
144 Jason Heyward
29%
218 Mark Trumbo
29%
136 Rougned Odor
29%
147 Eugenio Suarez
25%
123 Joc Pederson
25%
110 Kyle Schwarber
25%
148 Marcell Ozuna
25%
281 Matt Kemp
25%
118 Miguel Sano
25%
148 Pablo Sandoval
25%
132 Yasiel Puig
25%
163 Yoenis Cespedes
25%
96 Avisail Garcia
21%
124 Brett Gardner
21%
140 Dustin Pedroia
21%
182 Mike Moustakas
21%
120 Nicholas Castellanos
21%
108 Starling Marte
21%
114 Wil Myers
21%
141 Yasmani Grandal
21%
97 Adam Duvall
18%
312 Jay Bruce
18%
131 Kurt Suzuki
18%
122 Randal Grichuk
18%
99 Yan Gomes
18%
186 Alex Gordon
14%
167 Ben Zobrist
14%
114 C.J. Cron
14%
106 Eddie Rosario
14%
106 Eduardo Escobar
14%
93 Eric Thames
14%
181 Ian Desmond
14%
123 Jason Kipnis
14%
108 Marcus Semien
14%
116 Matt Adams
14%
109 Michael Brantley
14%
166 Mitch Moreland
14%
133 Starlin Castro
14%
192 Brian Dozier
11%
125 Howie Kendrick
11%
133 Jonathan Schoop
11%
140 Kole Calhoun
11%
104 Mike Zunino
11%
188 Nick Markakis
11%
123 Wilson Ramos
11%
158 Chris Carter
7%
135 Daniel Murphy
7%
123 Dexter Fowler
7%
242 Hunter Pence
7%
257 Ian Kinsler
7%
140 Josh Reddick
7%
191 Justin Smoak
7%
139 Logan Morrison
7%
156 Lucas Duda
7%
149 Neil Walker
7%
214 Todd Frazier
7%
103 Alex Avila
4%
115 Corey Dickerson
4%
110 Didi Gregorius
4%
108 Jonathan Lucroy
4%
102 Maikel Franco
4%
146 Matt Wieters
4%
109 Michael Conforto
4%
141 Chris Ianetta
0%
112 Jedd Gyorko
0%
104 Jed Lowrie
0%
104 Jorge Cantu
0%
145 Matthew Joyce
0%
213 Shin-Soo Choo
0%
99 Travis Shaw
0%
98 Welington Castillo
0%
No matching quizzes found
Score Distribution
Percent of People with Each Score
Percentile by Number Answered
Your Score History
You have not taken this quiz